[Event "1st 4NCL International"]
[Site "Telford"]
[Date "2018.10.31"]
[Round "1"]
[Board "1"]
[White "De Coverly, Roger D"]
[Black "Zdanowski, Adrian"]
[Result "1-0"]
[WhiteElo "1946"]
[BlackElo "1845"]
[PlyCount "99"]
[EventDate "2018.10.31"]
[EventRounds "9"]
[EventCountry "ENG"]

1. e4 d6 2. d4 Nf6 3. Nc3 g6 4. Be3 a6 5. f4 Bg7 6. Nf3 O-O 7. Bd3 b5 8. e5 Ng4
9. Bg1 c5 10. dxc5 Bb7 11. cxd6 exd6 12. h3 Nh6 13. Be4 Bxe4 14. Nxe4 dxe5 15.
Qxd8 Rxd8 16. fxe5 Nc6 17. Bh2 Re8 18. O-O Nxe5 19. Nxe5 Bxe5 20. Nf6+ Bxf6 21.
Rxf6 Re2 22. Rf2 Rae8 23. Bf4 Nf5 24. Rd1 R8e4 25. Bg5 Kg7 26. g4 Rxf2 27. Kxf2
h6 28. Bd2 Ne7 29. Bc3+ Kh7 30. Rd8 Ng8 31. Kf3 Re6 32. Rd7 Re7 33. Rd6 Re6 34.
Rxe6 fxe6 35. Ke4 g5 36. Ke5 Kg6 37. Kxe6 h5 38. b3 hxg4 39. hxg4 Nh6 40. Be1
Nxg4 41. c4 bxc4 42. bxc4 Nf6 43. c5 Ne4 44. c6 Nc5+ 45. Kd5 Nd3 46. c7 Nxe1
47. c8=Q Nf3 48. Qxa6+ Kf5 49. Qf1 g4 50. a4  1-0

[Event "1st 4NCL International"]
[Site "Telford"]
[Date "2018.10.31"]
[Round "1"]
[Board "4"]
[White "Gogia, Armaan"]
[Black "Wynarczyk, Raymond"]
[Result "0-1"]
[WhiteElo "1808"]
[BlackElo "1908"]
[PlyCount "94"]
[EventDate "2018.10.31"]
[EventRounds "9"]
[EventCountry "ENG"]

1. e4 e5 2. Nf3 d6 3. d4 exd4 4. Nxd4 Nf6 5. Nc3 Be7 6. Be2 O-O 7. O-O c5 8.
Nb3 Nc6 9. Bf4 a6 10. a4 Be6 11. f3 Ne5 12. Nxc5 Qb6 13. b4 dxc5 14. a5 Qd6 15.
Qxd6 Bxd6 16. Rad1 cxb4 17. Rxd6 Ng6 18. Bd2 bxc3 19. Bxc3 Rfd8 20. Rb6 Nf4 21.
Re1 Nxe2+ 22. Rxe2 Rd7 23. Rd2 Rxd2 24. Bxd2 Rc8 25. Rxb7 Rxc2 26. Rb6 h6 27.
Bxh6 gxh6 28. Rxa6 Nd7 29. Ra8+ Kg7 30. a6 Ra2 31. a7 Kf6 32. Rh8 Rxa7 33.
Rxh6+ Kg7 34. Rh5 Ra2 35. Rb5 Rc2 36. h3 Nc5 37. Kh2 Nd3 38. Rb1 Nf4 39. Kg3
Ne2+ 40. Kh2 Kf6 41. Rb5 Nd4 42. Rb1 Nxf3+ 43. Kg3 Nd2 44. Re1 Ke5 45. Re2
Nxe4+ 46. Kf3 Rxe2 47. Kxe2 Kf4  0-1

[Event "1st 4NCL International"]
[Site "Telford"]
[Date "2018.10.31"]
[Round "1"]
[Board "7"]
[White "Ansari, Athar"]
[Black "Di-Vetta, Andrew"]
[Result "1/2-1/2"]
[WhiteElo "1888"]
[BlackElo "1681"]
[PlyCount "104"]
[EventDate "2018.10.31"]
[EventRounds "9"]
[EventCountry "ENG"]

1. e4 c5 2. c3 d5 3. e5 Bf5 4. f4 Nc6 5. Nf3 e6 6. Be2 h6 7. O-O Nge7 8. d4 c4
9. b3 b5 10. Ba3 Ng6 11. Bxf8 Rxf8 12. Nfd2 Nge7 13. bxc4 bxc4 14. g4 Bh7 15.
Qa4 Qa5 16. Qxa5 Nxa5 17. Bd1 Kd7 18. Na3 Bd3 19. Ba4+ Nac6 20. Rf2 a6 21. Nc2
Kc7 22. Nb4 Nxb4 23. cxb4 h5 24. h3 hxg4 25. hxg4 Rh8 26. Rh2 Rxh2 27. Kxh2
Rh8+ 28. Kg3 Nc6 29. Bxc6 Kxc6 30. Nf3 Kb5 31. a3 Ka4 32. Kf2 Kb3 33. Ng5 Kb2
34. Rd1 Kc3 35. Ke3 Kc2 36. Rg1 Rf8 37. a4 Bg6 38. b5 a5 39. Rf1 c3 40. f5 exf5
41. gxf5 Bh5 42. e6 fxe6 43. Nxe6 Re8 44. b6 g6 45. Rf2+ Kb3 46. Kd3 gxf5 47.
Nc5+ Kb4 48. b7 f4 49. Na6+ Kb3 50. Nc5+ Kb4 51. Na6+ Kb3 52. Nc5+ Kb4  1/2-1/2

[Event "1st 4NCL International"]
[Site "Telford"]
[Date "2018.10.31"]
[Round "1"]
[Board "8"]
[White "Wiltshir, Rich"]
[Black "Fallowfield, Nicholas"]
[Result "1-0"]
[WhiteElo "1673"]
[BlackElo "1883"]
[PlyCount "95"]
[EventDate "2018.10.31"]
[EventRounds "9"]
[EventCountry "ENG"]

1. Nc3 Nf6 2. Nf3 d5 3. e3 Bg4 4. b3 e6 5. Bb2 Be7 6. h3 Bh5 7. Be2 O-O 8. O-O
c5 9. d4 Nc6 10. Ne5 Bxe2 11. Nxe2 Rc8 12. c4 cxd4 13. Nxc6 Rxc6 14. Nxd4 Rc8
15. cxd5 Qxd5 16. Qe2 Qe4 17. Rac1 Nd5 18. Rc4 Nb6 19. Nc6 Nxc4 20. Nxe7+ Kh8
21. Nxc8 Nxb2 22. Nd6 Qd3 23. Nxf7+ Rxf7 24. Qxb2 h6 25. Qe5 Qa6 26. a4 Qb6 27.
Rb1 Qc6 28. Qb2 Rc7 29. Rd1 Qe4 30. Rd4 Qf5 31. Rf4 Qg6 32. Qd4 Qb1+ 33. Kh2
Qc2 34. Qd8+ Kh7 35. Rf8 Qc6 36. Rh8+ Kg6 37. Qd3+ Kf7 38. Qd4 Rc8 39. Qf4+ Ke7
40. Qh4+ Kd7 41. Qd4+ Kc7 42. Qxg7+ Kb6 43. Qd4+ Ka6 44. Rxh6 b6 45. Qd3+ Kb7
46. Rh7+ Kb8 47. Qa6 Qd6+ 48. g3  1-0

[Event "1st 4NCL International"]
[Site "Telford"]
[Date "2018.10.31"]
[Round "1"]
[Board "10"]
[White "Murphy, Ross"]
[Black "Ali, Golam S"]
[Result "1-0"]
[WhiteElo "1652"]
[BlackElo "1859"]
[PlyCount "93"]
[EventDate "2018.10.31"]
[EventRounds "9"]
[EventCountry "ENG"]

1. Nf3 c5 2. g3 Nc6 3. d4 d5 4. Bg2 cxd4 5. Nxd4 e5 6. Nxc6 bxc6 7. O-O Bc5 8.
c4 e4 9. cxd5 cxd5 10. Qc2 Qe7 11. Nc3 Bb7 12. Qa4+ Kf8 13. Bf4 g5 14. Be3 Nh6
15. Bxc5 Qxc5 16. Rac1 Qb6 17. Qa3+ Ke8 18. Na4 Qd8 19. Qc3 f6 20. Qb4 Rb8 21.
Qd4 Ng4 22. Qxa7 Ne5 23. Nc5 Nc6 24. Qa4 Ra8 25. Qb3 Na5 26. Qd1 Bc8 27. Qd4
Nc6 28. Qc3 Rxa2 29. Nxe4 dxe4 30. Qxc6+ Kf7 31. Rfd1 Qe7 32. Qb6 Ra6 33. Qb5
Rd6 34. Rxd6 Qxd6 35. Bxe4 Be6 36. Qb7+ Bd7 37. Rc7 Rd8 38. Bf5 Qd1+ 39. Kg2
Ke8 40. Bxd7+ Rxd7 41. Rxd7 Qd4 42. Rd6 Qxd6 43. Qd7+ Qxd7 44. Kf3 f5 45. Ke3
h5 46. g4 fxg4 47. b4  1-0

[Event "1st 4NCL International"]
[Site "Telford"]
[Date "2018.10.31"]
[Round "1"]
[Board "12"]
[White "Chung, Ethan Cj"]
[Black "Walley, A Clive"]
[Result "1-0"]
[WhiteElo "1577"]
[BlackElo "1846"]
[PlyCount "79"]
[EventDate "2018.10.31"]
[EventRounds "9"]
[EventCountry "ENG"]

1. e4 c5 2. d4 cxd4 3. c3 Nf6 4. e5 Nd5 5. cxd4 d6 6. Bc4 Nb6 7. Bb3 g6 8. Qf3
d5 9. Nc3 Be6 10. Nge2 Nc6 11. Be3 Na5 12. Bc2 Nac4 13. b3 Nxe3 14. fxe3 Qd7
15. Bd3 a6 16. O-O Bg7 17. h3 O-O 18. Nf4 Rad8 19. Nce2 Bf5 20. Bxf5 Qxf5 21.
g4 Qd7 22. Ng3 e6 23. h4 Rc8 24. g5 Rc2 25. h5 Rfc8 26. h6 Bf8 27. Nfh5 gxh5
28. Nxh5 Qe7 29. Nf6+ Kh8 30. Qh5 R8c7 31. Kh1 Qd8 32. Rg1 Qc8 33. Nxh7 Kxh7
34. g6+ Kg8 35. h7+ Kh8 36. Qg5 Bg7 37. Raf1 fxg6 38. Qxg6 Qd7 39. Rf8+ Bxf8
40. Qg8#  1-0

[Event "1st 4NCL International"]
[Site "Telford"]
[Date "2018.11.01"]
[Round "2"]
[Board "10"]
[White "Chen, Daniel Xingyu"]
[Black "Wilson, Matthew R"]
[Result "1/2-1/2"]
[WhiteElo "1248"]
[BlackElo "1820"]
[PlyCount "56"]
[EventDate "2018.10.31"]
[EventRounds "9"]
[EventCountry "ENG"]

1. e4 c5 2. Nc3 Nc6 3. g3 g6 4. Bg2 Bg7 5. d3 d6 6. Be3 e6 7. Qd2 Nd4 8. Nge2
Bd7 9. O-O Rb8 10. Nd1 b5 11. c3 Nxe2+ 12. Qxe2 e5 13. f4 Ne7 14. Nf2 Qc8 15.
Rac1 b4 16. c4 Nc6 17. Rcd1 O-O 18. Rc1 a5 19. Qd1 Re8 20. g4 exf4 21. Bxf4
Bxb2 22. Bxd6 Bxc1 23. Bxb8 Nxb8 24. Qxc1 Bxg4 25. Qf4 Be6 26. Ng4 Bxg4 27.
Qxf7+ Kh8 28. Qf6+ Kg8  1/2-1/2

[Event "1st 4NCL International"]
[Site "Telford"]
[Date "2018.11.01"]
[Round "3"]
[Board "2"]
[White "Murphy, Ross"]
[Black "Ansari, Athar"]
[Result "0-1"]
[WhiteElo "1652"]
[BlackElo "1888"]
[PlyCount "94"]
[EventDate "2018.10.31"]
[EventRounds "9"]
[EventCountry "ENG"]

1. Nf3 d5 2. g3 Nf6 3. Bg2 c5 4. O-O Nc6 5. d4 cxd4 6. Nxd4 e5 7. Nxc6 bxc6 8.
c4 e4 9. cxd5 cxd5 10. Nc3 Be7 11. Bg5 Be6 12. Qa4+ Qd7 13. Qxd7+ Nxd7 14. Bxe7
Kxe7 15. Rfd1 Nb6 16. a4 Rhd8 17. a5 Nc4 18. b3 Ne5 19. Nb5 Rab8 20. Nd4 Rdc8
21. Rdc1 Kd6 22. f4 Nc6 23. Nxe6 fxe6 24. Rd1 Kc5 25. e3 Rxb3 26. Rdc1+ Kd6 27.
Re1 Nb4 28. Rab1 Rcc3 29. Bf1 Rxe3 30. Rxe3 Rxb1 31. Rc3 Nd3 32. Rc8 e3 33. Kg2
Ne1+ 34. Kg1 Nf3+ 35. Kg2 Nd4 36. Rd8+ Ke7 37. Ra8 e2 38. Rxa7+ Kf6 39. Bxe2
Nxe2 40. Kf2 Nc3 41. Ke3 Rd1 42. g4 d4+ 43. Kf2 d3 44. g5+ Kf5 45. Rf7+ Kg6 46.
Rd7 d2 47. a6 Ra1  0-1